| 000 | 00566nam a2200193Ia 4500 | ||
|---|---|---|---|
| 008 | 131103s9999 xx 000 0 und d | ||
| 020 | _c2.40 pds | ||
| 040 | _aLoreto College | ||
| 041 | _aEnglish | ||
| 082 |
_a808.82/RIC _bLCLIB/22423 |
||
| 245 | 4 |
_aThe best short plays 1971 _cedited and with an introduction by Stanley Richard |
|
| 260 |
_aNew York _bEquinox Books _c1972 |
||
| 300 |
_axii, 324 p. _c 20 cm. |
||
| 440 | _aThe Margaret Mayorga series | ||
| 650 | _aPlays - | ||
| 700 | _aRichard, Stanley, ed. | ||
| 850 | _aLCLIB/808.82/RIC | ||
| 942 | _cBK | ||
| 999 |
_c1783 _d52262 |
||